000 00996cam a2200253 i 4500
003 SA-RiAUC
005 20250125053349.0
008 250123s1996 su g 000r0 ara c
040 _aSA-JeALM
_bara
_cSA-RiAUC
_erda
082 0 4 _a260
090 _a260
_bظ ا هـ
100 1 _aالظاهري، أبو عبد الرحمن بن عقيل،
_d1357 هجري-
_eمؤلف.
245 1 0 _aشيئ من العبث الصوفي /
_cكتبه محمد بن عمر بن عبد الرحمن بن عبد الله العقيل.
250 _aالطبعة الثانية.
_bبتنقيح واضافة
264 1 _aالرياض :
_bدار ابن حزم،
_c1996
300 _a99 صفحة ؛
_c20 سم
336 _aنص
_btxt
_2rdacontent
_3كتاب
337 _aبدون وسيط
_bn
_2rdamedia
338 _aمجلد
_bnc
_2rdacarrier
650 7 _aالتصوف الإسلامي
_2aucsh
650 7 _aالبدع في الإسلام
_2aucsh
942 _2ddc
_cBOOK
_n0
949 _aSA-JeALM
_d250123
_uosman123
_n1
999 _c5157
_d5157